| 000 | 00599nam a2200145Ia 4500 | ||
|---|---|---|---|
| 008 | 170221s9999 xx 000 0 und d | ||
| 100 | _aGerald E. Calvasina | ||
| 245 | _aDetermining employment relationships under federal and state law: why should employers worry? | ||
| 245 | _cGerald E. Calvasina, Southern Utah University; Richard V. Calvasina, University of West Florida; Eugene J. Calvasina, Southern University. | ||
| 260 | _bJournal of Management and Marketing Research | ||
| 260 | _c2014 | ||
| 300 | _a3 : 5 | ||
| 650 | _xBusiness | ||
| 856 | _uhttp://www.aabri.com/manuscripts/11938.pdf | ||
| 999 |
_c313243 _d313243 |
||